Ground-water resources of Pavant Valley, Utah, (Record no. 30072)

MARC details
000 -LEADER
fixed length control field 01064cam a22003011 4500
001 - CONTROL NUMBER
control field gs 65000314
003 - CONTROL NUMBER IDENTIFIER
control field DLC
005 - DATE AND TIME OF LATEST TRANSACTION
control field 20260227111417.0
008 - FIXED-LENGTH DATA ELEMENTS--GENERAL INFORMATION
fixed length control field 780731s1965 dcuab b f000 0 eng c
010 ## - LIBRARY OF CONGRESS CONTROL NUMBER
LC control number gs 65000314
035 ## - SYSTEM CONTROL NUMBER
System control number (OCoLC)4098590
040 ## - CATALOGING SOURCE
Original cataloging agency U.S. Geol. Survey. Libr.
Transcribing agency CLS
Modifying agency OCoLC
-- DLC
042 ## - AUTHENTICATION CODE
Authentication code premarc
043 ## - GEOGRAPHIC AREA CODE
Geographic area code n-us-ut
050 00 - LIBRARY OF CONGRESS CALL NUMBER
Classification number TC801
Item number .U2 no. 1794
051 ## - LIBRARY OF CONGRESS COPY, ISSUE, OFFPRINT STATEMENT
Copy information copy 2.
100 1# - MAIN ENTRY--PERSONAL NAME
Personal name Mower, R. W.
Fuller form of name (Reed W.),
Dates associated with a name 1924-
245 10 - TITLE STATEMENT
Title Ground-water resources of Pavant Valley, Utah,
Statement of responsibility, etc. by R. W. Mower.
260 ## - PUBLICATION, DISTRIBUTION, ETC.
Place of publication, distribution, etc. Washington,
Name of publisher, distributor, etc. U.S. Govt. Print. Off.,
Date of publication, distribution, etc. 1965.
300 ## - PHYSICAL DESCRIPTION
Extent v, 78 p.
Other physical details illus. and portfolio (2 fold. illus., 8 fold. maps)
Dimensions 24 cm.
490 1# - SERIES STATEMENT
Series statement Geological Survey (U.S.). Water-supply paper
Volume/sequential designation 1794
500 ## - GENERAL NOTE
General note Prepared in cooperation with the Utah State Engineer.
504 ## - BIBLIOGRAPHY, ETC. NOTE
Bibliography, etc. note Bibliography: p. 75.
650 #0 - SUBJECT ADDED ENTRY--TOPICAL TERM
Topical term or geographic name entry element Groundwater
Geographic subdivision Utah
-- Pavant Valley.
650 #0 - SUBJECT ADDED ENTRY--TOPICAL TERM
Topical term or geographic name entry element Water-supply
Geographic subdivision Utah
-- Pavant Valley.
710 1# - ADDED ENTRY--CORPORATE NAME
Corporate name or jurisdiction name as entry element Utah.
Subordinate unit State Engineer's Office.
830 #0 - SERIES ADDED ENTRY--UNIFORM TITLE
Uniform title Water-supply paper (Washington, D.C.) ;
Volume/sequential designation 1794.

No items available.

Powered by Koha